| 000 | 00649nam a2200193 i 4500 | ||
|---|---|---|---|
| 001 | bg | ||
| 100 | 1 | _aFREIMANIS, Janis | |
| 245 | 0 |
_aProgress and some prospects in charge-transfer complex chemistry / _cJanis Freimanis. |
|
| 260 |
_aWrocław : _bWydawn. Polit. Wrocł., _c1978. |
||
| 300 |
_as. 79, nlb. 1 : _brys., tab. |
||
| 490 | 1 |
_aPrace Nauk. Inst. Chemii Organ. i Fizycznej Polit. Wrocł. ; _vNr 15 |
|
| 504 | _a[Streszcz. w jęz. pol. i ros.]. | ||
| 830 | _aPrace Nauk. Inst. Chemii Organ. i Fizycznej Polit. Wrocł. ; | ||
| 040 | _cBPK | ||
| 041 | _apol | ||
| 080 | _a547 | ||
| 942 | _cKS | ||
| 008 | s pl f |000 0 pol | ||
| 999 |
_c18348 _d18348 |
||
| 856 |
_uhttp://koha.tu.koszalin.pl/cgi-bin/koha/opac-detail.pl?biblionumber=18348 _yKatalog online BPK |
||